00792nam a2200169Ia 4500008004100000040001800041041000800059110005200067245019200119260005300311300002200364651005200386651005000438651005200488651003300540651004900573130821s1925 nq gr spa  aCo-BoUCMbspa00aspa1 aNicaragua.bMinisterio de Relaciones Exteriores10aNicaragua y Colombia últimas comunicaciónes sobre la cuestión mosquita entre el Ministerio de relaciones Exteriores y la Legación de ColombiacMinisterio de Relaciones Exteriores aManagua (Nicaragua)bTipografía Progresoc1925 axv, 156 páginas 7aColombiabRelaciones internacionaleszNicaragua 7aCosta de los Mosquitos (Nicaragua y Honduras) 7aNicaraguabRelaciones internacionaleszColombia 7aProvidencia (Isla, Colombia) 7aSan Andrés y Providencia (Islas, Colombia)